|
|
|
|
| LEADER |
00000nam1a2200000 4500 |
| 001 |
261428 |
| 005 |
20231031221627.0 |
| 035 |
|
|
|a (RuTPU)RU\TPU\book\284408
|
| 090 |
|
|
|a 261428
|
| 100 |
|
|
|a 20140523d1966 m y0rusy50 ca
|
| 101 |
0 |
|
|a rus
|
| 102 |
|
|
|a RU
|
| 200 |
1 |
|
|a Проблемы современной химии координационных соединений
|e межвузовский сборник
|f Ленинградский государственный университет (ЛГУ)
|
| 210 |
|
|
|a Ленинград
|c Изд-во Ленинградского ун-та
|d 1966-1993
|
| 712 |
0 |
2 |
|a Ленинградский государственный университет (ЛГУ)
|c (1924-1991)
|2 stltpush
|3 (RuTPU)RU\TPU\col\77
|
| 801 |
|
1 |
|a RU
|b 63413507
|c 20140523
|
| 801 |
|
2 |
|a RU
|b 63413507
|c 20170322
|g RCR
|
| 942 |
|
|
|c BK
|